000 00234 a2200097 4500
100 _aRoth charles H
245 _aFundamental of logic design
260 _a
_bWest publishing co
_c
090 _c17742
_d17742
942 _aNUST-CAE
_cM
_c8605
999 _c382733
_d382733